Loading...
| History - World History | 1 | 5 | 1 | 0 | 60 | 31 | 80.17 | 4 | 6 |
| Philosophy | 0 | 6 | 0 | 2 | 60 | 89 | 106.17 | 2 | 6 |
| Visual Arts | 1 | 4 | 0 | 2 | 55 | 87 | 117.40 | 2 | 5 |
| Literature - British Literature | 1 | 4 | 0 | 0 | 55 | 58 | 103.60 | 1 | 5 |
| Social Science | 2 | 3 | 1 | 0 | 55 | 11 | 71.80 | 3 | 5 |
| Literature - European Literature | 0 | 5 | 0 | 1 | 50 | 89 | 108.20 | 0 | 5 |
| History - European History | 0 | 5 | 0 | 2 | 50 | 66 | 106.60 | 1 | 5 |
| History - American History | 1 | 3 | 0 | 0 | 45 | 28 | 81.25 | 2 | 4 |
| Auditory Arts | 0 | 4 | 0 | 0 | 40 | 87 | 108.00 | 3 | 4 |
| Beliefs | 1 | 4 | 3 | 2 | 40 | 77 | 110.00 | 1 | 5 |
| Fine Arts - Other Arts | 0 | 4 | 0 | 1 | 40 | 97 | 111.50 | 2 | 4 |
| Literature - World Literature | 1 | 2 | 0 | 0 | 35 | 53 | 78.00 | 1 | 3 |
| Literature - American Literature | 1 | 2 | 0 | 0 | 35 | 54 | 94.67 | 2 | 3 |
| History - Ancient History | 0 | 3 | 0 | 1 | 30 | 101 | 111.67 | 0 | 3 |
| Geography | 1 | 1 | 0 | 0 | 25 | 48 | 55.50 | 1 | 2 |
| Science - Physics | 0 | 2 | 0 | 1 | 20 | 110 | 119.00 | 0 | 2 |
| History - Other History | 0 | 2 | 0 | 0 | 20 | 105 | 106.00 | 0 | 2 |
| Science - Biology | 0 | 2 | 0 | 1 | 20 | 121 | 126.00 | 0 | 2 |
| Science - Chemistry | 0 | 2 | 1 | 0 | 15 | 104 | 110.50 | 0 | 2 |
| Current Events | 1 | 0 | 0 | 0 | 15 | 38 | 38.00 | 1 | 1 |
| Other Academic | 0 | 1 | 0 | 0 | 10 | 62 | 62.00 | 0 | 1 |
| Science - Other Science | 0 | 1 | 2 | 0 | 0 | 127 | 127.00 | 1 | 1 |